[Event "Magistral Ciudad de Benavidez 2013"]
[Site "Benavidez, Buenos Aires"]
[Date "2013.04.28"]
[Round "1.1"]
[White "Leon, Juan Carlos"]
[Black "Mayorga, Nicolas"]
[Result "1/2-1/2"]
[WhiteElo "2260"]
[BlackElo "2284"]
[PlyCount "108"]
[EventDate "2013.04.28"]

1. e4 g6 2. d4 Bg7 3. c3 d6 4. Nf3 Nf6 5. Bd3 O-O 6. O-O Nbd7 7. Re1 e5 8. Nbd2
Re8 9. Bc2 b6 10. Nf1 Bb7 11. Ng3 d5 12. dxe5 Nxe4 13. Nxe4 dxe4 14. Bxe4 Bxe4
15. Rxe4 Nxe5 16. Bf4 Qxd1+ 17. Rxd1 Nxf3+ 18. gxf3 c5 19. Kf1 b5 20. Rd5 Bf8
21. Rxe8 Rxe8 22. Be3 Rc8 23. Ke2 Kg7 24. Rd7 a6 25. Kd3 Kf6 26. c4 Ke6 27. Ra7
Rc6 28. Rb7 b4 29. Bf4 Bd6 30. Bg3 h5 31. Kc2 f5 32. Bxd6 Kxd6 33. f4 Ke6 34.
Kb3 Rd6 35. Rc7 Rd3+ 36. Ka4 Rd2 37. Rc6+ Kd7 38. Rxa6 Rxf2 39. Kb5 Rxh2 40.
Kxc5 Rxb2 41. Rxg6 Rxa2 42. Kxb4 Rf2 43. Kc5 Rxf4 44. Kd5 Rg4 45. Rh6 f4 46.
Rh7+ Kc8 47. Rxh5 Rg6 48. Rf5 Rh6 49. Rxf4 Rh5+ 50. Kc6 Rh6+ 51. Kb5 Rh5+ 52.
c5 Rh6 53. Rd4 Kc7 54. Rg4 Rf6 1/2-1/2

[Event "Magistral Ciudad de Benavidez 2013"]
[Site "Benavidez, Buenos Aires"]
[Date "2013.04.28"]
[Round "1.2"]
[White "Sanhueza, Cristian"]
[Black "Saldano Dayer, Horacio"]
[Result "0-1"]
[WhiteElo "2215"]
[BlackElo "2478"]
[PlyCount "116"]
[EventDate "2013.04.28"]

1. e4 e6 2. d4 d5 3. Nd2 h6 4. Ngf3 Nf6 5. Bd3 c5 6. exd5 Qxd5 7. O-O Nc6 8.
Bc4 Qd8 9. Nb3 cxd4 10. Nbxd4 Nxd4 11. Nxd4 a6 12. Bf4 Bc5 13. Nb3 Qxd1 14.
Raxd1 Bb6 15. Be2 Bd7 16. Bf3 O-O-O 17. Rd3 Bc6 18. Bxc6 bxc6 19. Rfd1 Rd5 20.
c4 Rxd3 21. Rxd3 Ne4 22. Be3 Bxe3 23. Rxe3 Rd8 24. Kf1 Nd2+ 25. Ke2 Nxb3 26.
axb3 Kc7 27. Rf3 Rd7 28. b4 f6 29. Rc3 Kb6 30. Rg3 Rd4 31. b3 Rd7 32. f4 a5 33.
bxa5+ Kxa5 34. Re3 Re7 35. Rd3 Kb4 36. Rd6 Kc5 37. Rd8 Rb7 38. Rd3 Ra7 39. Re3
Ra2+ 40. Kf3 Kd6 41. Rd3+ Ke7 42. h3 c5 43. g4 Rb2 44. Ke4 Re2+ 45. Kf3 Rh2 46.
Kg3 Rb2 47. Kf3 g6 48. Kg3 f5 49. Kf3 Kf6 50. Re3 g5 51. fxg5+ hxg5 52. gxf5
Kxf5 53. Kg3 e5 54. Kf3 e4+ 55. Kg3 Ke5 56. Kg4 Rg2+ 57. Kh5 Kd4 58. Re1 e3 0-1

[Event "Magistral Ciudad de Benavidez 2013"]
[Site "Benavidez, Buenos Aires"]
[Date "2013.04.28"]
[Round "1.4"]
[White "Valiente, Cristobal"]
[Black "Perez, Maximiliano"]
[Result "0-1"]
[WhiteElo "2232"]
[BlackElo "2298"]
[PlyCount "148"]
[EventDate "2013.04.28"]

1. e4 c5 2. Nf3 d6 3. Bb5+ Nd7 4. O-O a6 5. Bxd7+ Bxd7 6. d4 cxd4 7. Nxd4 Nf6
8. Re1 e6 9. c4 Be7 10. b3 O-O 11. Nc3 Qc7 12. Bb2 Rfd8 13. Qd3 b6 14. Rac1 Bc8
15. f4 Nd7 16. Kh1 Bf6 17. Nf5 Nf8 18. Nh6+ Kh8 19. Nd5 exd5 20. Bxf6 gxf6 21.
Qg3 Ng6 22. f5 dxe4 23. fxg6 hxg6 24. Rxe4 Kg7 25. Ng4 Bxg4 26. Rxg4 Re8 27.
Rd4 Rad8 28. Rcd1 Qc5 29. h3 Re6 30. Qd3 Kf8 31. Qd2 Ke7 32. Re1 Rh8 33. Rde4
Rh5 34. Rxe6+ fxe6 35. Qd3 Kf7 36. Qe4 Qc8 37. Rf1 d5 38. Qd4 Qd8 39. cxd5 Rxd5
40. Qb4 Kg7 41. Qg4 Qd6 42. Re1 e5 43. Qc8 a5 44. Qb7+ Kh6 45. Qf7 Rd1 46. Rxd1
Qxd1+ 47. Kh2 Qd6 48. h4 e4+ 49. Kh3 f5 50. g3 Qe5 51. Qf8+ Kh7 52. Qf7+ Qg7
53. Qe6 b5 54. a3 Kh6 55. Qb6 Qa1 56. Qe3+ Kh7 57. Qa7+ Kh6 58. Qe3+ Kh7 59.
Qa7+ Kh6 60. Qe3+ Kh7 61. Qa7+ Qg7 62. Qxa5 Qd7 63. Kg2 f4 64. Kf2 Qd4+ 65. Kg2
f3+ 66. Kh2 e3 67. Qc7+ Kh6 68. Qf7 e2 69. Qf8+ Kh7 70. Qe7+ Qg7 71. Qe8 Qf6
72. Qd7+ Kh6 73. Qd2+ Kh5 74. Qe3 e1=Q 0-1

[Event "Magistral Ciudad de Benavidez 2013"]
[Site "?"]
[Date "2013.04.28"]
[Round "1"]
[White "Castillo, Santiago"]
[Black "Tristan, Leonardo"]
[Result "0-1"]
[WhiteElo "2167"]
[BlackElo "2457"]
[Annotator "Doe,John"]
[PlyCount "188"]
[EventDate "2013.??.??"]
[SourceDate "2013.04.29"]

1. e4 e5 2. Nf3 Nc6 3. Bb5 a6 4. Bxc6 dxc6 5. O-O Bg4 6. d3 Qf6 7. Be3 Bxf3 8.
Qxf3 Qxf3 9. gxf3 Bd6 10. Nd2 Ne7 11. Rfb1 f5 12. b4 f4 13. Bc5 O-O-O 14. Nc4
Ng6 15. Kf1 Nf8 16. Bxd6 cxd6 17. a4 Ne6 18. c3 b5 19. Na5 Kd7 20. Nb3 Rb8 21.
Ra2 Rhc8 22. axb5 axb5 23. Ra7+ Rc7 24. Rba1 Rxa7 25. Rxa7+ Nc7 26. Ke2 Ra8 27.
Rxa8 Nxa8 28. Kd2 Nc7 29. Ke2 Ne6 30. d4 Ke7 31. Kd3 Ng5 32. Ke2 Ne6 33. Kd3
Ng5 34. Ke2 Nh3 35. dxe5 dxe5 36. Kf1 Kd6 37. Nc5 Ng5 38. Ke2 Ne6 39. Nb3 Ke7
40. Kf1 Kf6 41. Kg2 Kg5 42. Na5 Nd8 43. Nb3 Ne6 44. Na5 c5 45. bxc5 Nxc5 46.
Nc6 Na4 47. Nxe5 Nxc3 48. Nd3 Ne2 49. Nb4 Nd4 50. Nd5 Nc2 51. h4+ Kxh4 52. e5
Nd4 53. Nxf4 Kg5 54. Nd5 Kf5 55. f4 h5 56. Kg3 Ke6 57. Nb4 Ne2+ 58. Kf3 Nc3 59.
Nd3 Kf5 60. Nc5 b4 61. Nb3 Nb5 62. Kg3 g6 63. f3 Ke6 64. Kh4 Kd5 65. Kg5 Nc7
66. f5 gxf5 67. Kxf5 h4 68. Kg4 Kxe5 69. f4+ Ke4 70. f5 Nd5 71. Kxh4 Kxf5 72.
Kg3 Ke4 73. Kf2 Kd3 74. Ke1 Ne3 75. Na5 Nc4 76. Nb3 Ne3 77. Na5 Nc4 78. Nb3 Kc3
79. Nc5 Kc2 80. Ke2 Ne5 81. Ke3 Kc3 82. Ne4+ Kc2 83. Nc5 Nc4+ 84. Kd4 Nd2 85.
Kd5 Kc3 86. Na4+ Kb3 87. Nc5+ Ka3 88. Kc6 Nf3 89. Kd5 Ne1 90. Kc4 Ng2 91. Kd4
Nf4 92. Kc4 Ne2 93. Kd3 Nc3 94. Kc4 {Tiempo} 94... Na4 {Tiempo} 0-1

[Event "Magistral Ciudad de Benavidez 2013"]
[Site "Benavidez, Buenos Aires"]
[Date "2013.04.28"]
[Round "1.3"]
[White "Di Benedetto, Guillermo"]
[Black "Madina Yadarola, Martin"]
[Result "1/2-1/2"]
[WhiteElo "2267"]
[BlackElo "2228"]
[PlyCount "86"]
[EventDate "2013.04.28"]

1. d4 Nf6 2. c4 g6 3. Nc3 Bg7 4. e4 d6 5. Be2 O-O 6. Nf3 Bg4 7. Be3 Nfd7 8. Rc1
c5 9. d5 Nb6 10. Nd2 Bxe2 11. Qxe2 e6 12. O-O exd5 13. exd5 N8d7 14. Nde4 Qe7
15. Bf4 Ne5 16. b3 a6 17. Rfe1 Rae8 18. Qd2 Qd8 19. h3 f6 20. Be3 Nf7 21. Ng3
f5 22. Nce2 Qc8 23. h4 Bf6 24. Bg5 Bxg5 25. hxg5 Qd8 26. f4 h6 27. Nc3 hxg5 28.
Re6 Rxe6 29. dxe6 Nh6 30. Re1 Re8 31. fxg5 Ng4 32. Nd5 Nxd5 33. cxd5 Re7 34.
Kf1 c4 35. Qd4 Qa5 36. Rc1 b5 37. bxc4 Qa3 38. Rc3 Qxa2 39. cxb5 Qb1+ 40. Ke2
Qb2+ 41. Qd2 Qxb5+ 42. Qd3 Qb2+ 43. Qd2 Qb5+ 1/2-1/2

[Event "Magistral Ciudad de Benavidez 2013"]
[Site "Benavidez, Buenos Aires"]
[Date "2013.04.28"]
[Round "2.1"]
[White "Mayorga, Nicolas"]
[Black "Tristan, Leonardo"]
[Result "1-0"]
[WhiteElo "2284"]
[BlackElo "2457"]
[PlyCount "47"]
[EventDate "2013.04.28"]

1. e4 e5 2. Nf3 Nc6 3. Bb5 a6 4. Ba4 Nf6 5. O-O Be7 6. Re1 b5 7. Bb3 d6 8. c3
O-O 9. h3 Na5 10. Bc2 d5 11. d4 dxe4 12. Nxe5 c5 13. Nd2 cxd4 14. Nxe4 dxc3 15.
Qf3 Bb7 16. b4 Qd5 17. Nxf6+ Bxf6 18. Qxd5 Bxd5 19. bxa5 Rfe8 20. Bf4 Re7 21.
Ng4 Rxe1+ 22. Rxe1 Bxa2 23. Nxf6+ gxf6 24. Bd6 1-0

[Event "Magistral Ciudad de Benavidez 2013"]
[Site "Benavidez, Buenos Aires"]
[Date "2013.04.28"]
[Round "2.2"]
[White "Perez, Maximiliano"]
[Black "Castillo, Santiago"]
[Result "1/2-1/2"]
[WhiteElo "2298"]
[BlackElo "2167"]
[PlyCount "27"]
[EventDate "2013.04.28"]

1. e4 c5 2. b3 e6 3. Bb2 b6 4. Nf3 Bb7 5. Nc3 a6 6. d4 cxd4 7. Nxd4 Nf6 8. Bd3
d5 9. e5 Nfd7 10. Nxe6 fxe6 11. Qh5+ g6 12. Bxg6+ hxg6 13. Qxg6+ Ke7 14. Qg5+
1/2-1/2

[Event "Magistral Ciudad de Benavidez 2013"]
[Site "Benavidez, Buenos Aires"]
[Date "2013.04.28"]
[Round "2.3"]
[White "Madina Yadarola, Martin"]
[Black "Valiente, Cristobal"]
[Result "1/2-1/2"]
[WhiteElo "2228"]
[BlackElo "2232"]
[PlyCount "27"]
[EventDate "2013.04.28"]

1. d4 Nf6 2. Nf3 e6 3. Bg5 d5 4. Nbd2 Be7 5. e3 c5 6. c3 Nc6 7. Bd3 O-O 8. O-O
Nd7 9. Bxe7 Qxe7 10. a3 f5 11. b4 b6 12. bxc5 bxc5 13. Bb5 Bb7 14. Bxc6 1/2-1/2

[Event "Magistral Ciudad de Benavidez 2013"]
[Site "Benavidez, Buenos Aires"]
[Date "2013.04.28"]
[Round "2.4"]
[White "Saldano Dayer, Horacio"]
[Black "Di Benedetto, Guillermo"]
[Result "1-0"]
[WhiteElo "2478"]
[BlackElo "2267"]
[PlyCount "75"]
[EventDate "2013.04.28"]

1. e4 g6 2. d4 Bg7 3. Nc3 c6 4. Nf3 d5 5. h3 Nh6 6. Bf4 dxe4 7. Nxe4 Nf5 8. c3
O-O 9. Bd3 Nd6 10. Nxd6 exd6 11. O-O Na6 12. Re1 Nc7 13. Qd2 Ne6 14. Bh2 b5 15.
a4 bxa4 16. Rxa4 Bb7 17. Ba6 Qd7 18. Bxb7 Qxb7 19. Bxd6 Rfd8 20. Be5 c5 21.
Bxg7 Kxg7 22. Rd1 Rab8 23. d5 Qxb2 24. Qxb2 Rxb2 25. Rxa7 Kf6 26. c4 Rc2 27.
Rd2 Rc1+ 28. Kh2 Nf4 29. g3 Rc3 30. gxf4 Rxf3 31. Rc7 Rxf4 32. Rxc5 Rd6 33. Rc7
Rf5 34. Kg2 Kg5 35. Rc6 Rxc6 36. dxc6 Kf4 37. Rd5 Rf6 38. Rc5 1-0

[Event "Magistral Ciudad de Benavidez 2013"]
[Site "Benavidez, Buenos Aires"]
[Date "2013.04.28"]
[Round "2.5"]
[White "Leon, Juan Carlos"]
[Black "Sanhueza, Cristian"]
[Result "1-0"]
[WhiteElo "2260"]
[BlackElo "2215"]
[PlyCount "97"]
[EventDate "2013.04.28"]

1. e4 e5 2. Bc4 Nf6 3. d3 Nc6 4. Nf3 h6 5. O-O g6 6. d4 exd4 7. e5 d5 8. Bb5
Ne4 9. Nxd4 Bd7 10. Nxc6 bxc6 11. Bd3 Nc5 12. Be2 Bg7 13. Be3 Qe7 14. f4 O-O
15. c4 f6 16. cxd5 fxe5 17. Qc2 Nb7 18. dxc6 exf4 19. cxd7 Qxe3+ 20. Kh1 Nd6
21. Nc3 Nf5 22. Bg4 Kh7 23. Bxf5 Rxf5 24. Rae1 Qd4 25. Re8 Rf8 26. Rxa8 Rxa8
27. Rd1 Qe5 28. Qe4 Rd8 29. Qd3 Qe3 30. Qf1 Qe6 31. Qb5 Qe3 32. Qc6 Bf8 33. Nb5
Qe2 34. Nc3 Qe5 35. Ne4 Kg7 36. h3 g5 37. Rd5 Qe7 38. Qc3+ Kg6 39. Nc5 Qf7 40.
Qd3+ Kg7 41. Nb7 Be7 42. Nxd8 Bxd8 43. Rf5 Qe6 44. Qd4+ Kg6 45. Re5 Qf6 46.
Qe4+ Kg7 47. Re6 Qf7 48. Qd4+ Kh7 49. Re8 1-0

[Event "Magistral Ciudad de Benavidez 2013"]
[Site "Benavidez, Buenos Aires"]
[Date "2013.04.29"]
[Round "3.2"]
[White "Di Benedetto, Guillermo"]
[Black "Leon, Juan Carlos"]
[Result "1/2-1/2"]
[WhiteElo "2267"]
[BlackElo "2260"]
[PlyCount "173"]
[EventDate "2013.04.28"]

1. g3 d5 2. Bg2 c6 3. f4 e6 4. Nf3 Be7 5. d3 h5 6. h3 Nh6 7. e4 Qb6 8. Qe2 Nd7
9. c3 Qa6 10. Be3 dxe4 11. dxe4 Qxe2+ 12. Kxe2 b6 13. Nbd2 Ba6+ 14. c4 O-O-O
15. Rab1 c5 16. a3 f5 17. e5 Bb7 18. Rhe1 Kb8 19. h4 Ng4 20. Bg1 Rc8 21. Red1
Rhd8 22. Rbc1 Nf8 23. Ne1 Bxg2 24. Nxg2 Rc7 25. Nb1 Rcd7 26. Rxd7 Nxd7 27. Nc3
Kb7 28. Rd1 Nb8 29. Rxd8 Bxd8 30. Ne1 Nc6 31. Nf3 a6 32. Kd3 Be7 33. b3 Na7 34.
Na2 Nc6 35. Kc3 a5 36. Nc1 Kc7 37. Nd3 Nh6 38. Bf2 Nf7 39. Be1 Nfd8 40. Kc2 Nb7
41. Bc3 Kd7 42. Kd2 Nbd8 43. Ke3 Nb7 44. Nb2 Kc7 45. Na4 Nbd8 46. Bb2 Na7 47.
Bc3 Ndc6 48. Nb2 b5 49. Nd3 b4 50. Bb2 bxa3 51. Bxa3 Nb4 52. Nde1 Nac6 53. Bb2
Kb6 54. Nd2 Nd4 55. Bxd4 cxd4+ 56. Ke2 Nc6 57. Nc2 Kc5 58. Kd3 Nb4+ 59. Nxb4
Kxb4 60. Kxd4 Bc5+ 61. Kd3 Bf2 62. Kc2 Bxg3 63. Nf3 a4 64. bxa4 Kxc4 65. a5
Bxf4 66. a6 Be3 67. Kd1 Kd5 68. Ke2 Ba7 69. Kd3 f4 70. Ke2 Ke4 71. Ng5+ Kxe5
72. Kf3 Bc5 73. Ne4 Be3 74. Ng5 Kd5 75. Ke2 e5 76. Kf3 Bd4 77. Nf7 Ke6 78. Nd8+
Kd7 79. Nf7 Kc7 80. Ke4 Kb6 81. Ng5 Kxa6 82. Ne6 g6 83. Nxd4 exd4 84. Kxd4 Kb6
85. Ke4 f3 86. Kxf3 Kc6 87. Kf4 1/2-1/2

[Event "Magistral Ciudad de Benavidez 2013"]
[Site "Benavidez, Buenos Aires"]
[Date "2013.04.29"]
[Round "3.3"]
[White "Valiente, Cristobal"]
[Black "Saldano Dayer, Horacio"]
[Result "1/2-1/2"]
[WhiteElo "2232"]
[BlackElo "2478"]
[PlyCount "41"]
[EventDate "2013.04.28"]

1. d4 f5 2. c4 Nf6 3. e3 g6 4. Nc3 Bg7 5. Bd3 d6 6. Nge2 e5 7. f3 Nc6 8. d5 Ne7
9. e4 c5 10. a3 O-O 11. Bd2 h5 12. Qc2 f4 13. g3 g5 14. gxf4 gxf4 15. Rg1 Kh8
16. O-O-O Bh6 17. Kb1 Bd7 18. Ng3 Rg8 19. Nf5 Nxf5 20. exf5 Qe7 21. Rg6 1/2-1/2

[Event "Magistral Ciudad de Benavidez 2013"]
[Site "Benavidez, Buenos Aires"]
[Date "2013.04.29"]
[Round "3.5"]
[White "Tristan, Leonardo"]
[Black "Perez, Maximiliano"]
[Result "1-0"]
[WhiteElo "2457"]
[BlackElo "2298"]
[PlyCount "81"]
[EventDate "2013.04.28"]

1. e4 c5 2. Nf3 d6 3. c3 Nf6 4. Be2 g6 5. O-O Bg7 6. Bb5+ Bd7 7. Bxd7+ Nbxd7 8.
Re1 O-O 9. d4 cxd4 10. cxd4 d5 11. e5 Ne4 12. Nbd2 Nxd2 13. Bxd2 Qb6 14. Re3
Rfc8 15. h4 Nf8 16. Rb3 Qa6 17. h5 Ne6 18. Be3 Rc4 19. Nh4 Qc6 20. f4 Bh6 21.
Qg4 Ng7 22. hxg6 hxg6 23. f5 Bxe3+ 24. Rxe3 Rc1+ 25. Re1 Rxa1 26. Rxa1 Rf8 27.
fxg6 Qe6 28. Qg5 Qb6 29. Nf5 fxg6 30. Nxe7+ Kh7 31. Qh4+ Nh5 32. Nxd5 Qxb2 33.
Re1 Qxa2 34. Nf6+ Kh6 35. Nxh5 g5 36. Qe4 Qf2+ 37. Kh2 Rh8 38. Re3 g4 39. Qf4+
Qxf4+ 40. Nxf4 Kg5+ 41. Kg3 1-0

[Event "Magistral Ciudad de Benavidez 2013"]
[Site "Benavidez, Buenos Aires"]
[Date "2013.04.29"]
[Round "3.1"]
[White "Sanhueza, Cristian"]
[Black "Mayorga, Nicolas"]
[Result "1-0"]
[WhiteElo "2215"]
[BlackElo "2284"]
[PlyCount "153"]
[EventDate "2013.04.28"]

1. e4 c5 2. Nf3 d6 3. d4 cxd4 4. Nxd4 Nf6 5. Nc3 a6 6. Be3 e5 7. Nf3 Be7 8. Bc4
O-O 9. O-O Nc6 10. Qe2 Na5 11. Bb3 h6 12. Rfd1 Nxb3 13. axb3 Qe8 14. Nd2 Be6
15. Nc4 Qc6 16. Nb6 Rad8 17. Nbd5 Rfe8 18. Nxf6+ Bxf6 19. Nd5 Bxd5 20. Rxd5 Rc8
21. c3 Bd8 22. Rad1 Re6 23. Qh5 Bb6 24. Bxb6 Qxb6 25. b4 Rf6 26. R1d2 Re8 27.
Qd1 Ree6 28. g3 Qc6 29. Qe2 Qb6 30. Kg2 Rg6 31. R2d3 Ref6 32. Qe3 Qc6 33. Rd2
h5 34. h4 Qc8 35. Qe2 Rh6 36. R2d3 Qc4 37. Rxe5 Re6 38. Rxe6 Rxe6 39. Re3 Qc6
40. Qd3 g6 41. Qd5 Qc7 42. Rd3 Qe7 43. Rd4 Kg7 44. Rc4 b5 45. Qd4+ f6 46. Rc6
Rxe4 47. Qxd6 Qxd6 48. Rxd6 Re2 49. Rxa6 Rxb2 50. Ra7+ Kh6 51. Rf7 f5 52. Kf3
Rc2 53. Rc7 Rc1 54. Ke3 Rc2 55. Rc5 Kg7 56. f3 Kf6 57. f4 Ke6 58. Kd3 Rg2 59.
Rxb5 Rxg3+ 60. Kd4 Rg4 61. Rb6+ Kd7 62. Ke5 Kc7 63. Ra6 Rg3 64. c4 Rc3 65. c5
Rc4 66. Rxg6 Rxb4 67. Kxf5 Rc4 68. c6 Rc5+ 69. Ke4 Rc4+ 70. Ke5 Rc5+ 71. Kd4
Ra5 72. Re6 Ra1 73. f5 Ra4+ 74. Ke5 Rxh4 75. f6 Rh1 76. f7 Re1+ 77. Kf6 1-0

[Event "Magistral Ciudad de Benavidez 2013"]
[Site "Benavidez, Buenos Aires"]
[Date "2013.04.29"]
[Round "3.4"]
[White "Castillo, Santiago"]
[Black "Madina Yadarola, Martin"]
[Result "0-1"]
[WhiteElo "2167"]
[BlackElo "2228"]
[PlyCount "96"]
[EventDate "2013.04.28"]

1. e4 c5 2. d4 cxd4 3. Nf3 d6 4. Nxd4 Nf6 5. Nc3 a6 6. Bc4 e6 7. O-O b5 8. Bb3
Be7 9. Qf3 Qc7 10. Qg3 O-O 11. Bh6 Ne8 12. Rad1 Bd7 13. Nf3 Nc6 14. Ne2 Kh8 15.
Bg5 Nf6 16. Qh4 Kg8 17. c3 Rfd8 18. e5 Nxe5 19. Nxe5 dxe5 20. Bc2 Bc6 21. Bxh7+
Nxh7 22. Bxe7 Rd7 23. Rxd7 Qxd7 24. Qb4 Qd5 25. f3 Qxa2 26. Rd1 Bd5 27. Kf2 Rc8
28. Rd2 Qc4 29. Qd6 Re8 30. Qd7 Qc8 31. Qxc8 Rxc8 32. Ke3 f6 33. Ng3 Rc4 34.
Rd1 a5 35. Rd2 Ra4 36. Nf1 f5 37. Kf2 f4 38. Bd6 e4 39. fxe4 Rxe4 40. Bc7 Nf6
41. Re2 Ra4 42. h3 Ne4+ 43. Kg1 g5 44. h4 Ra1 45. hxg5 Ng3 46. Rf2 Bc4 47. Bxf4
Nxf1 48. Be5 Ne3+ 0-1

[Event "Magistral Ciudad de Benavidez 2013"]
[Site "Benavidez, Buenos Aires"]
[Date "2013.04.30"]
[Round "4.1"]
[White "Mayorga, Nicolas"]
[Black "Perez, Maximiliano"]
[Result "1/2-1/2"]
[WhiteElo "2284"]
[BlackElo "2298"]
[PlyCount "108"]
[EventDate "2013.04.28"]

1. e4 c5 2. Nf3 d6 3. d4 cxd4 4. Nxd4 Nf6 5. Nc3 g6 6. Be3 Bg7 7. f3 O-O 8. Qd2
Nc6 9. g4 Bxg4 10. fxg4 Nxg4 11. Bg1 e6 12. h4 h5 13. Nxc6 bxc6 14. Be2 Bh6 15.
Qd3 Ne5 16. Qg3 Rb8 17. Rd1 Qa5 18. b3 f5 19. exf5 Rxf5 20. Rh3 Nf3+ 21. Bxf3
Qxc3+ 22. Kf1 Kh7 23. Kg2 Qxc2+ 24. Qf2 Qxf2+ 25. Bxf2 d5 26. Rd4 Rb7 27. Ra4
Rff7 28. Be2 e5 29. Rc3 Rf6 30. Ra6 Rc7 31. Bxa7 d4 32. Rc4 Rcf7 33. Rc2 Rd7
34. Bd3 e4 35. Bxe4 d3 36. Rf2 Rxf2+ 37. Bxf2 d2 38. Bc2 d1=Q 39. Bxd1 Rxd1 40.
Rxc6 Rd2 41. a4 Be3 42. Rf6 Rb2 43. Rf3 Bxf2 44. Rxf2 Rxb3 45. Ra2 g5 46. hxg5
Kg6 47. a5 Kxg5 48. a6 Rb8 49. Kf3 h4 50. Ra5+ Kf6 51. Ke4 Ra8 52. Kf4 h3 53.
Rh5 Kg6 54. Rxh3 Rxa6 1/2-1/2

[Event "Magistral Ciudad de Benavidez 2013"]
[Site "Benavidez, Buenos Aires"]
[Date "2013.04.30"]
[Round "4.2"]
[White "Madina Yadarola, Martin"]
[Black "Tristan, Leonardo"]
[Result "1/2-1/2"]
[WhiteElo "2228"]
[BlackElo "2457"]
[PlyCount "33"]
[EventDate "2013.04.28"]

1. Nf3 Nf6 2. g3 d5 3. Bg2 e6 4. O-O Be7 5. d3 c5 6. Nbd2 Nc6 7. e4 b6 8. Re1
Bb7 9. h4 Qc7 10. e5 Nd7 11. Qe2 O-O-O 12. Nf1 h6 13. N1h2 g5 14. h5 Rdf8 15.
Ng4 Nd8 16. d4 Kb8 17. c3 1/2-1/2

[Event "Magistral Ciudad de Benavidez 2013"]
[Site "Benavidez, Buenos Aires"]
[Date "2013.04.30"]
[Round "4.3"]
[White "Saldano Dayer, Horacio"]
[Black "Castillo, Santiago"]
[Result "1-0"]
[WhiteElo "2478"]
[BlackElo "2167"]
[PlyCount "95"]
[EventDate "2013.04.28"]

1. c4 Nf6 2. Nc3 c5 3. Nf3 Nc6 4. d4 cxd4 5. Nxd4 Qb6 6. e3 g6 7. Be2 Bg7 8.
O-O O-O 9. b3 d6 10. Bb2 a6 11. Rc1 Bd7 12. Qd2 Rac8 13. Rfd1 Rfd8 14. Bf1 Qa7
15. Ba1 h5 16. Nde2 Bg4 17. h3 Bxe2 18. Qxe2 Ne5 19. Kh1 Ned7 20. e4 Qc5 21.
Bb2 Qg5 22. Rb1 h4 23. Nd5 Nxd5 24. exd5 Be5 25. Bxe5 Qxe5 26. Qd2 Qf6 27. Re1
Nc5 28. Re3 e5 29. dxe6 Nxe6 30. Rd1 Rc5 31. Rf3 Rf5 32. Rxf5 Qxf5 33. Bd3 Qf6
34. Be4 Rd7 35. Bf3 Kg7 36. Bg4 Rd8 37. Bxe6 fxe6 38. Qa5 Rd7 39. Qb6 Qf4 40.
Qd4+ Qf6 41. Qg4 Kf7 42. Kg1 Kg7 43. Rd4 Rf7 44. Qxh4 g5 45. Rg4 Kg6 46. Qg3
Qa1+ 47. Kh2 Qe5 48. h4 1-0

[Event "Magistral Ciudad de Benavidez 2013"]
[Site "Benavidez, Buenos Aires"]
[Date "2013.04.30"]
[Round "4.4"]
[White "Leon, Juan Carlos"]
[Black "Valiente, Cristobal"]
[Result "1/2-1/2"]
[WhiteElo "2260"]
[BlackElo "2232"]
[PlyCount "37"]
[EventDate "2013.04.28"]

1. e4 c5 2. b3 d6 3. Bb2 Nc6 4. Bb5 Bd7 5. Nf3 e6 6. O-O Nf6 7. Re1 Be7 8. d4
cxd4 9. Nxd4 Nxd4 10. Bxd7+ Qxd7 11. Qxd4 O-O 12. c4 a6 13. Nc3 Rfd8 14. Red1
Qc6 15. Rac1 Rac8 16. h3 Ne8 17. Qe3 h6 18. Ne2 Bf6 19. Bxf6 1/2-1/2

[Event "Magistral Ciudad de Benavidez 2013"]
[Site "Benavidez, Buenos Aires"]
[Date "2013.04.30"]
[Round "4.5"]
[White "Sanhueza, Cristian"]
[Black "Di Benedetto, Guillermo"]
[Result "0-1"]
[WhiteElo "2215"]
[BlackElo "2267"]
[PlyCount "132"]
[EventDate "2013.04.28"]

1. e4 g6 2. d4 Bg7 3. Nf3 c6 4. Nc3 d6 5. a4 Nf6 6. Be2 Na6 7. O-O O-O 8. h3
Qa5 9. Bd2 Qc7 10. Re1 e5 11. Be3 Nb4 12. a5 d5 13. Nxe5 dxe4 14. Bf4 Nbd5 15.
Nxd5 Nxd5 16. Bg3 f5 17. Nxg6 f4 18. Nxf4 Rxf4 19. Bc4 Qf7 20. Qd2 Bh6 21. a6
b5 22. Bxd5 cxd5 23. Qa5 Bd7 24. Qc7 Be6 25. Qb7 Rf8 26. Bxf4 Bxf4 27. Qxf7+
Rxf7 28. Ra3 Rc7 29. Rc3 Rxc3 30. bxc3 Bd2 31. Rb1 Bd7 32. Rb3 Kf7 33. Kf1 Ke7
34. Ke2 Bh6 35. f3 exf3+ 36. Kxf3 Kd6 37. g4 Bg5 38. Kg3 Bd2 39. Kf3 Kc6 40. h4
Be1 41. h5 Bd2 42. Ke2 Bg5 43. Kf3 Kb6 44. Ra3 Bd2 45. Kg3 Bc8 46. Kf3 Bxa6 47.
Ke2 Bg5 48. Ra1 b4+ 49. Kf3 bxc3 50. Re1 Bd3 51. Re5 Be4+ 52. Ke2 h6 53. Re8
Bxc2 54. Rc8 Bd2 55. g5 Bxg5 56. Rxc3 Bf5 57. Kf3 a5 58. Rc5 Be4+ 59. Ke2 a4
60. Rc8 Kb5 61. Rb8+ Kc4 62. Ra8 Kb3 63. Rb8+ Ka2 64. Ra8 a3 65. Rb8 Bc1 66.
Rb6 Bb2 0-1

[Event "Magistral Ciudad de Benavidez 2013"]
[Site "Benavidez, Buenos Aires"]
[Date "2013.05.01"]
[Round "5.1"]
[White "Di Benedetto, Guillermo"]
[Black "Mayorga, Nicolas"]
[Result "1-0"]
[WhiteElo "2267"]
[BlackElo "2284"]
[PlyCount "87"]
[EventDate "2013.04.28"]

1. g3 c5 2. Bg2 Nf6 3. d3 g6 4. f4 d5 5. Nf3 Bg7 6. c3 O-O 7. O-O Nc6 8. Na3 b6
9. Rb1 Bb7 10. b4 d4 11. bxc5 dxc3 12. Nc2 Nd7 13. d4 Qc7 14. Qd3 bxc5 15. Qxc3
Rfc8 16. Ne5 Ndxe5 17. dxe5 Ba6 18. Qxc5 Rab8 19. Rxb8 Nxb8 20. Qxc7 Rxc7 21.
Nd4 Rc4 22. Be3 Rc3 23. Kf2 Ra3 24. Bd5 e6 25. Nxe6 fxe6 26. Bxe6+ Kh8 27. Rc1
Ra5 28. Bxa7 Rb5 29. Bc8 Bf8 30. Bxb8 Rc5 31. Bxa6 Rxc1 32. a4 Bc5+ 33. Kf3 Kg7
34. g4 Bg1 35. Kg2 Bd4 36. Bd3 Ra1 37. Bb5 Rg1+ 38. Kf3 Rf1+ 39. Ke4 Bg1 40. f5
Bxh2 41. e6 gxf5+ 42. gxf5 Bxb8 43. e7 Rf4+ 44. Kd3 1-0

[Event "Magistral Ciudad de Benavidez 2013"]
[Site "Benavidez, Buenos Aires"]
[Date "2013.05.01"]
[Round "5.2"]
[White "Valiente, Cristobal"]
[Black "Sanhueza, Cristian"]
[Result "1/2-1/2"]
[WhiteElo "2232"]
[BlackElo "2215"]
[PlyCount "24"]
[EventDate "2013.04.28"]

1. d4 Nf6 2. Nf3 g6 3. Bf4 Bg7 4. e3 O-O 5. h3 c5 6. c3 b6 7. Be2 Bb7 8. O-O d6
9. Re1 Nbd7 10. a4 Re8 11. Bh2 e5 12. Na3 Ne4 1/2-1/2

[Event "Magistral Ciudad de Benavidez 2013"]
[Site "Benavidez, Buenos Aires"]
[Date "2013.05.01"]
[Round "5.3"]
[White "Castillo, Santiago"]
[Black "Leon, Juan Carlos"]
[Result "1-0"]
[WhiteElo "2167"]
[BlackElo "2260"]
[PlyCount "81"]
[EventDate "2013.04.28"]

1. e4 e6 2. d4 d5 3. Nc3 Bb4 4. Bd3 c5 5. exd5 Qxd5 6. Bd2 Bxc3 7. Bxc3 c4 8.
Be2 Nf6 9. Bf3 Qf5 10. Qe2 O-O 11. Qxc4 Qxc2 12. Ne2 Nbd7 13. Rc1 Qg6 14. Qc7
Nb6 15. Bxb7 Bxb7 16. Qxb7 Nbd5 17. O-O h5 18. Rfd1 a6 19. Qb3 Ne4 20. Qc2 f5
21. Qd3 h4 22. Bd2 Nxd2 23. Rxd2 Qh6 24. Nc3 Nf4 25. Qe3 Qg5 26. g3 Nh3+ 27.
Kg2 Qg6 28. Kxh3 hxg3 29. hxg3 f4 30. gxf4 Rf6 31. Ne4 Qh6+ 32. Kg3 Rg6+ 33.
Ng5 Rf8 34. Rc5 Qh1 35. Qf3 Qg1+ 36. Qg2 Qb1 37. Rdc2 Qd1 38. Rc8 Qd3+ 39. f3
Qxd4 40. Rxf8+ Kxf8 41. Qf2 1-0

[Event "Magistral Ciudad de Benavidez 2013"]
[Site "Benavidez, Buenos Aires"]
[Date "2013.05.01"]
[Round "5.4"]
[White "Tristan, Leonardo"]
[Black "Saldano Dayer, Horacio"]
[Result "1/2-1/2"]
[WhiteElo "2457"]
[BlackElo "2478"]
[PlyCount "39"]
[EventDate "2013.04.28"]

1. d4 d5 2. c4 e6 3. Nc3 Be7 4. cxd5 exd5 5. Bf4 c6 6. e3 Bf5 7. Bd3 Bxd3 8.
Qxd3 Nf6 9. Nf3 Nbd7 10. h3 O-O 11. O-O Re8 12. Rab1 a5 13. Qc2 Nb6 14. Ne5
Nfd7 15. Nxd7 Qxd7 16. Na4 Nxa4 17. Qxa4 Bd6 18. Bxd6 Qxd6 19. Rbc1 Re6 20. a3
1/2-1/2